000 00488nam a2200169Ia 4500
008 090201s9999 xx 000 0 und d
010 _aKPL-38182
040 _bमराठी
041 _aमराठी
082 _a18417
_b38182
100 _aअनंत तिबीले
245 _aबेबंध
_cअनंत तिबीले
260 _c2004
_bमधुर प्रकाशन
300 _a144
_bमोठा
600 _aबेबंध
942 _cBOOK
999 _c218283
_d218283